| 000 | 01280nam a2200325 a 4500 | ||
|---|---|---|---|
| 001 | |||
| 003 | DO-SdBNP | ||
| 005 | 20220127125935.0 | ||
| 008 | 081117s2008 dr ac r 001 0 spa d | ||
| 020 | _a9789945020113 (v.1) | ||
| 020 | _a9789945020441 (v.2) | ||
| 020 | _a9789945020458 (t. 3) | ||
| 040 |
_aDO-SdBNP _bspa _cBPMSU |
||
| 082 |
_a282.7293 _bN925d 2008 _222 |
||
| 100 | 1 |
_aNouel y Bobadilla, Adolfo Alejandro, _cArzobispo, _d1863-1937 |
|
| 245 | 1 | 0 |
_aDocumentos inéditos del arzobispo Adolfo Alejandro Nouel / _cJosé Luis Saéz, compilador. |
| 260 |
_aSanto Domingo : _bArchivo General de la Nación, _c2008. |
||
| 300 |
_a3 v. : _bil., retrs. ; _c25 cm. |
||
| 490 | 0 |
_aArchivo General de la Nación _v48-50 |
|
| 500 | _aIncluye índice general | ||
| 504 | _aIncluye referencias bibliográficas y notas al pie de las páginas | ||
| 590 | _aInventariado, 2022/VM | ||
| 600 | 1 | 4 |
_aNoel, Adolfo Alejandro , _d1862-1937 _vCorrespondencias, memorias, etc |
| 610 | 1 | 4 |
_aIglesia católica _zRepública Dominicana _xHistoria _vCorrespondencias, memorias, etc. |
| 700 | 2 |
_aSáez, José Luis _ecomp. |
|
| 710 | 2 | _aArchivo General de la Nación (República Dominicana) | |
| 830 | 0 |
_aArchivo General de la Nación _n48-50 |
|
| 910 | _a VMateo V. | ||
| 942 |
_2ddc _cBK |
||
| 999 |
_c13987 _d13987 |
||